| 000 | 00860nam a2200253Ia 4500 | ||
|---|---|---|---|
| 003 | OSt | ||
| 005 | 20220930063241.0 | ||
| 006 | a|||||r|||| 00| 0 | ||
| 007 | ta | ||
| 008 | 220926b |||||||| |||| 00| 0 eng d | ||
| 024 | _a2569 | ||
| 037 | _cTheses | ||
| 040 |
_aCRL _cCRL _beng |
||
| 041 |
_2eng _aeng |
||
| 100 |
_aBansal Om Bilas _9522618 |
||
| 110 |
_aUniversity of Delhi. Faculty of Sciences. Department of Biophysics _9522619 |
||
| 245 | 0 | _aStudies of spodopetra litura and autographa californica nuclear polyhedrosis viruses in insect cell lines | |
| 260 |
_aDelhi _bUniversity of Delhi India _c1992 |
||
| 650 | _aBIOPHYSICS | ||
| 700 |
_a Singh U N Gu. _9522620 |
||
| 700 |
_aUniversity of Delhi. Faculty of Sciences. Department of Biophysics _9522621 |
||
| 942 |
_cDIS _2CC |
||
| 999 |
_c856585 _d856585 |
||